00283nam a2200109Ia 4500008004100000245005700041260002200098440000600120521002300126942000700149999001700156140130s9999 xx 000 0 und d cLaurence PringleaScholastic Encyclopedia of Animals bScholastic,c2001 v1 aGrade 7 - Grade 12 cBK c41359d41359